000 02940cam a2200349 i 4500
003 SA-RiAUC
005 20250206081043.0
008 250201s2013 ua ah g b 00000 ara c
020 _a9789773415697
024 0 _a00000000530330
040 _aSA-MaUQU
_bara
_cSA-RiAUC.
_dAE-DuMBRL
_erda
043 _af-mr---
050 4 _bA23 2013
082 0 4 _a953.0728
_qSA-RiAUC
090 _a953.0728
_b ع ب د ر
100 1 _aعبد الرازق، هالة
_eمؤلف.
245 1 0 _aأسواق فاس في العصر المريني (646-869 هـ / 1248-1465 م) /
_cتأليف أ / هالة عبد الرازق.
250 _aالطبعة الأولى.
264 1 _aالقاهرة :
_bمكتبة الثقافة الدينية،
_c2013.
300 _a289 صفحة :
_bجداول، مثيلات ؛
_c24 × 17 سم
336 _aنص
_btxt
_2rdacontent
_3كتاب
337 _aبدون وسيط
_bn
_2rdamedia
338 _aمجلد
_bnc
_2rdacarrier
504 _aيشتمل على إرجاعات ببليوجرافية.
504 _aببليوجرافية : صفحة 249-289.
505 0 _aالمحتويات : المقدمة-التمهيد-1-أحوال أسواق مدينة فاس في فترة الانتقال من الموحدين إلى المرينيين-2-نشأة دولة بني مرين-3-تأسيس فاس الجديد-الفصل الأول : المقومات الطبيعية والبشرية لازدهار أسواق فاس-الفصل الثاني : أسواق فاس ونشاطها الداخلي-الفصل الثالث : علاقة أسواق فاس بالأسواق الخارجية-الفصل الرابع : المعاملات المالية والتجارية في أسواق فاس-الفصل الخامس : الحياة الاجتماعية للعاملين في الأسواق.
520 _aيتحدث الكتاب عن أسواق مدينة فاس في عصر الدولة المرينية (646-869 هـ / 1248-1465 م) تلك الدولة التي قامت في المغرب الأقصى في النصف الثاني من القرن السابع الهجري / الثالث عشر الميلادي وقد كان للمرينيين دور هام في مدينة فاس حيث اهتموا بكل مظاهر الحياة الاقتصادية بما فيها الأسواق إلى جانب اهتمامهم بكل جوانب الحياة الثقافية والاجتماعية والدينية هكذا نقل المرينييون المغرب الأقصى من الفوضى والاضطراب والتدهور الذي أصاب هذه البلاد أواخر عهد الموحدين إلى الأمن والاستقرار.
651 7 _aفاس (المغرب)
_xأحوال اقتصادية
_yالمرينيون، 1269-1465
_2aucsh
651 7 _aفاس (المغرب)
_xتاريخ
_yالمرينيون، 1269-1465
_2aucsh
942 _2ddc
_cBOOK
_n0
949 _aSA-JeALM
_d250201
_umohamedma123
_n1
999 _c5672
_d5672